000 00790nam a22002537a 4500
001 34521
003 UA-OsUOA
005 20230913152840.0
007 ta
008 20051011b un ||||| |||| 00| 0 ukr d
020 _a1895571383
040 _aUA-OsUOA
_bukr
_cUA-OsUOA
_dUA-OsUOA
041 _aukr
080 _a821.161.2
090 _a821.161.2
245 _aКонкордація поетичних творів Тараса Шевченка
_cО. Ільницький, Ю. Гавришин
_nЧ. 1
260 _aЕдмонтон
_bКУІС
_c2001
300 _a773 с.
505 _gТ. 2
650 7 _a82 Література. Літературознавство
_2UDC
942 _cBK
_2udc
955 _a3
999 _c320955
_d320955